| 000 | 00825cam a2200241 4500 | ||
|---|---|---|---|
| 001 | WS122942 | ||
| 008 | 030704n 000 0 eng u | ||
| 035 | _a(Sirsi) u122942 | ||
| 245 | _aStartups.co.uk | ||
| 520 | _aWeb site which aims to offer advice to people setting up in business. Includes guides for different industries, case studies and details of different aspects of setting up in business. | ||
| 650 | _aBUSINESS START-UPS | ||
| 650 | _aSMALL BUSINESSES | ||
| 650 | _aFINANCE | ||
| 650 | _aLAW | ||
| 650 |
_aInsurance _96249 |
||
| 650 | _aBUSINESS PLANNING | ||
| 650 | _aTELEWORKING | ||
| 650 | _aTAXATION | ||
| 650 | _aPROPERTY DEVELOPMENT | ||
| 690 | _aMANAGEMENT-BUSINESS MANAGEMENT | ||
| 856 | 4 | 0 |
_uhttps://www.startups.co.uk _zView the website free of charge at www.startups.co.uk... |
| 942 | _n0 | ||
| 999 |
_c120320 _d120320 |
||